Finis les paroles - SDM - Statistiques

Statistiques générales
  • Ce quiz a été pris 601 fois
  • Le résultat moyen est 5 sur 10
Statistiques - réponses
Hint Réponse % Correct
On m'a toujours dit : "Respecte les aines" mais j'fais comment quand les aines, c'est des... haineux
76%
La rue, c’est ma femme, j’suis son... mari
66%
Faudra d'la foi et du courage, une relation remplie de rage qui démarre sur des bases... pourries
66%
Que elle veut ci, elle veut ça, pourtant, on m'a juré qu'le bonheur s'trouvait pas dans la... monnaie
65%
Rom-pom-pom-pom », c’est l’bruit d’la me-ar, c’est pas.. Rihanna
57%
Liasses de billets dans la main peut réparer mes histoires de... love
53%
Tu sais qu'l'argent ça compte pas, tu t'en rendras compte un jour à quel point j't'ai.. aimée
52%
J'peux tout t'expliquer sur un hit, j'peux tout t'expliquer sur un... huit
49%
F*ck la vie du rue, j’veux la vie de rêve, offrir à la mama la vie de... reine
18%
Le rap en dessert sur le côté, j’sirote les instru’ comme des... cannettes
7%
Aucun quiz correspondant
Distribution des résultats
% des personnes avec chaque résultat
Percentile par nombre de réponses
Votre historique - résultats
Vous n’avez pas pris ce quiz